000 00298nam a2200109Ia 4500
005 20251222142004.0
008 251222s9999||||xx |||||||||||||| ||spa||
082 _a750.924.69/C46
245 0 _aEduardo Luiz:
264 _bCentre Culturel Portugais de la Fondatión Calouste Gulbenkian
942 _cLIB
999 _c10122
_d10122